| 000 -LEADER |
| fixed length control field |
01001nam a2200229 4500 |
| 001 - CONTROL NUMBER |
| control field |
22101 |
| 003 - CONTROL NUMBER IDENTIFIER |
| control field |
BD-DhUAP |
| 005 - DATE AND TIME OF LATEST TRANSACTION |
| control field |
20240320112052.0 |
| 008 - FIXED-LENGTH DATA ELEMENTS--GENERAL INFORMATION |
| fixed length control field |
720713s1948 nyu b 000 0 eng |
| 020 ## - INTERNATIONAL STANDARD BOOK NUMBER |
| International Standard Book Number |
9780415104548 |
| 040 ## - CATALOGING SOURCE |
| Original cataloging agency |
DLC |
| Transcribing agency |
BD-DhUAP |
| Modifying agency |
BD-DhUAP |
| Language of cataloging |
Eng |
| 082 ## - DEWEY DECIMAL CLASSIFICATION NUMBER |
| Classification number |
820.9 LIT |
| Edition number |
22 |
| 100 1# - MAIN ENTRY--PERSONAL NAME |
| Personal name |
Baugh, Albert C. |
| Fuller form of name |
(Albert Croll), |
| Dates associated with a name |
1891-1981, |
| Relator term |
ed. |
| 245 12 - TITLE STATEMENT |
| Title |
A literary history of England. |
| Statement of responsibility, etc. |
edited by Albert C. Baugh. |
| 260 ## - PUBLICATION, DISTRIBUTION, ETC. |
| Place of publication, distribution, etc. |
New York, |
| Name of publisher, distributor, etc. |
Appleton-Century-Crofts |
| Date of publication, distribution, etc. |
[1948] |
| 300 ## - PHYSICAL DESCRIPTION |
| Extent |
xii, 1673 p. |
| Dimensions |
25 cm. |
| 504 ## - BIBLIOGRAPHY, ETC. NOTE |
| Bibliography, etc. note |
Bibliographical footnotes. |
| 505 0# - FORMATTED CONTENTS NOTE |
| Formatted contents note |
The Middle Ages: The Old English period, to 1100, by Kemp Malone. The Middle English period, 1100-1500, by A.C. Baugh.--The Renaissance, 1500-1660, by Tucker Brooke.--The Restoration and eighteenth century, 1660-1789, by George Sherburn.--The nineteenth century and after, 1789-1939, by S.C. Chew. |
| 650 #0 - SUBJECT ADDED ENTRY--TOPICAL TERM |
| Topical term or geographic name entry element |
English literature |
| General subdivision |
History and criticism. |
| 651 #0 - SUBJECT ADDED ENTRY--GEOGRAPHIC NAME |
| Geographic name |
England |
| General subdivision |
Intellectual life. |
| 942 ## - ADDED ENTRY ELEMENTS (KOHA) |
| Source of classification or shelving scheme |
|
| Koha item type |
Book |